| 000 | 00365nam a2200145Ia 4500 | ||
|---|---|---|---|
| 008 | 150201s1995 xx 000 0 und d | ||
| 082 |
_a617.643 _bD1995E |
||
| 100 | _aEPKER,DRUCE | ||
| 245 | _aDENTOFACIAL DEFORMITIES : INTEGRATED ORTHODONTICS | ||
| 250 | _a2ND | ||
| 260 |
_bMOSBY _aDELHI _c1995 |
||
| 300 | _a1-568 | ||
| 650 | _aORTHODONTICS | ||
| 942 |
_2ddc _cBK _01 |
||
| 999 |
_c3725 _d3725 |
||